European cities with metro systems - Statistics

General Stats
  • This quiz has been taken 92 times
    77 since last reset
  • The average score is 38 of 53
Answer Stats
Number of stations Opening year Answer % Correct
317 1863 London
100%
320 1900 Paris
98%
132 1924 Barcelona
97%
242 1919 Madrid
97%
175 1902 Berlin
95%
229 1935 Moscow
95%
100 1950 Stockholm
95%
113 1964 Milan
93%
56 1959 Lisbon
92%
96 1971 Munich
92%
73 1955 Rome
92%
39 1993 Amsterdam
90%
29 1977 Marseille
90%
59 1976 Brussels
88%
93 1912 Hamburg
88%
146 1989 Istanbul
87%
62 1960 Kyiv
87%
42 1978 Lyon
87%
98 1978 Vienna
87%
66 1904 Athens
85%
64 1979 Bucharest
83%
48 1896 Budapest
83%
72 1955 Saint Petersburg
83%
39 1984 Warsaw
83%
44 2002 Copenhagen
82%
30 1982 Helsinki
82%
58 1974 Prague
82%
15 1896 Glasgow
80%
27 1993 Naples
80%
47 1998 Sofia
80%
86 1968 Frankfurt
78%
71 1968 Rotterdam
78%
23 2006 Turin
78%
82 2002 Porto
75%
30 1984 Minsk
70%
21 2009 Seville
70%
42 1995 Bilbao
63%
60 1983 Lille
63%
37 1982 Toulouse
55%
8 1990 Genoa
52%
30 1975 Kharkiv
50%
60 1980 Newcastle
40%
15 1985 Nizhny Novgorod
40%
49 1972 Nuremberg
40%
14 2008 Lausanne
38%
28 2002 Rennes
37%
11 2005 Kazan
35%
19 2014 Malaga
35%
6 1995 Dnipro
30%
10 1999 Catania
27%
9 1991 Yekaterinburg
25%
17 2013 Brescia
23%
10 1987 Samara
15%
No matching quizzes found
Score Distribution
Percent of People with Each Score
Percentile by Number Answered
Your Score History
You have not taken this quiz since the last reset